Fauna mastológica de Galicia ó Historia natural de los mamíferos de este antiguo reino (Record no. 158068)

MARC details
000 -LEADER
campo de control de longitud fija 00953nam a2200217 i 4500
001 - NÚMERO DE CONTROL
campo de control 158068
003 - IDENTIFICADOR DE NÚMERO DE CONTROL
campo de control ES-MaACL
005 - FECHA Y HORA DE LA ÚLTIMA TRANSACCIÓN
campo de control 20250907063121.0
008 - DATOS DE LONGITUD FIJA--INFORMACIÓN GENERAL
campo de control de longitud fija 960320m18611863sp ax |||| | spa d
040 ## - FUENTE DE CATALOGACIÓN
Centro catalogador/agencia de origen GA
Lengua de catalogación spa
Centro/agencia transcriptor CCPB | SIC
100 1# - ENTRADA PRINCIPAL--NOMBRE DE PERSONA
Nombre de persona López Seoane, Víctor,
Fechas asociadas al nombre 1834-1900
9 (RLIN) 129059
245 10 - MENCIÓN DEL TÍTULO
Título Fauna mastológica de Galicia ó Historia natural de los mamíferos de este antiguo reino
Resto del título : aplicada á la medicina, á la agricultura, á la industria, á las artes y al comercio /
Mención de responsabilidad, etc. por Victor López Seoane.
260 ## - PUBLICACIÓN, DISTRIBUCIÓN, ETC.
Lugar de publicación, distribución, etc. Santiago de Compostela :
Nombre del editor, distribuidor, etc. Imprenta de Manuel Mirás,
Fecha de publicación, distribución, etc. 1861.
300 ## - DESCRIPCIÓN FÍSICA
Extensión XV, 544 p., III h. de lám. ;
Dimensiones 22 cm.
596 ## - NOTA AL PIE DE IMPRENTA
NOTA AL PIE DE IMPRENTA En la cub.: 1861-1863.
597 ## - NOTA DE DESCRIPCIÓN FÍSICA
NOTA DE DESCRIPCIÓN FÍSICA Las hojas de lám. : "Lit. J. Osterberger, Santiago"
650 #4 - PUNTO DE ACCESO ADICIONAL DE MATERIA--TÉRMINO DE MATERIA
Término de materia o nombre geográfico como elemento de entrada Mamíferos-
Subdivisión geográfica Galicia.
9 (RLIN) 151228
740 0# - ENTRADA AGREGADA--TÍTULO RELACIONADO/ANALÍTICO NO CONTROLADO
Título relacionado o analítico no controlado Historia natural de los mamíferos de este antiguo reino.
852 ## - LOCALIZACIÓN
Ubicación ES-MaACL
Número de control de estantería F-7382
Nota libre -- Enc. hol.
Holdings
Estatus retirado Estado de pérdida Estado de daño No para préstamo Colección Biblioteca de origen Biblioteca actual Ubicación en estantería Fecha de adquisición Fuente de adquisición Total de préstamos Signatura topográfica completa Código de barras Visto por última vez Precio de reemplazo Tipo de ítem Koha
        Libros del s. XIX Biblioteca del Ateneo de Madrid Biblioteca del Ateneo de Madrid Depósito 2 17/01/2008     F-7382 1165432 23/02/2023 23/02/2023 Libro impreso antiguo